Una esclavitud de nuestro tiempo / (Record no. 149845)

MARC details
000 -LEADER
campo de control de longitud fija 00671nam a2200217 i 4500
001 - NÚMERO DE CONTROL
campo de control 149845
003 - IDENTIFICADOR DE NÚMERO DE CONTROL
campo de control ES-MaACL
005 - FECHA Y HORA DE LA ÚLTIMA TRANSACCIÓN
campo de control 20250808004600.0
007 - CAMPO FIJO DE DESCRIPCIÓN FÍSICA--INFORMACIÓN GENERAL
campo de control de longitud fija t|
008 - DATOS DE LONGITUD FIJA--INFORMACIÓN GENERAL
campo de control de longitud fija 071024s1953 sp ||||1| spa d
100 1# - ENTRADA PRINCIPAL--NOMBRE DE PERSONA
Nombre de persona Van der Meersch, Maxence.
9 (RLIN) 113032
245 14 - MENCIÓN DEL TÍTULO
Título Una esclavitud de nuestro tiempo /
Mención de responsabilidad, etc. por Maxence Van der Meersch ; [traducción de Máximo Llago].
250 ## - MENCION DE EDICION
Mención de edición [1ª ed.].
260 ## - PUBLICACIÓN, DISTRIBUCIÓN, ETC.
Lugar de publicación, distribución, etc. [S.l.] :
Nombre del editor, distribuidor, etc. Lauro,
Fecha de publicación, distribución, etc. 1953.
300 ## - DESCRIPCIÓN FÍSICA
Extensión 150 p. ;
Dimensiones 22 cm.
490 1# - MENCIÓN DE SERIE
Mención de serie La aventura del hombre
700 1# - ENTRADA AGREGADA--NOMBRE PERSONAL
Nombre de persona Llago, Máximo.
9 (RLIN) 72658
830 03 - PUNTO DE ACCESO ADICIONAL DE SERIE-TÍTULO UNIFORME
Título uniforme La aventura del hombre
9 (RLIN) 182012
852 ## - LOCALIZACIÓN
Ubicación ES-MaACL
Número de control de estantería C-6203
Sublocalización o colección R.35437
Holdings
Estatus retirado Estado de pérdida Estado de daño No para préstamo Biblioteca de origen Biblioteca actual Ubicación en estantería Fecha de adquisición Fuente de adquisición Total de préstamos Signatura topográfica completa Código de barras Visto por última vez Precio de reemplazo Tipo de ítem Koha
        Biblioteca del Ateneo de Madrid Biblioteca del Ateneo de Madrid Sala Palomar 17/01/2008     C-6203 1156364 23/02/2023 23/02/2023 Libro impreso